Statistiques concernant Films avec Josiane Balasko par image

Cliquez ici pour prendre le quiz!

Statistiques générales

  • Ce quiz a été pris 42 fois
  • Le résultat moyen est 6 sur 16

Statistiques - réponses

Réponse% Correct
Les Bronzés font du ski
98%
Le père Noël est une ordure
88%
Gazon maudit
80%
Chicken Run
68%
Neuilly sa mère !
51%
Papy fait de la résistance
49%
Retour chez ma mère
46%
Nuit d'ivresse
32%
Un crime au paradis
32%
Grâce à Dieu
20%
All Inclusive
15%
Les Nouvelles Aventures de Cendrillon
15%
Le Grand Partage
5%
Mes héros
5%
Mes très chers enfants
5%
Des mains en or
2%

Distribution des résultats

Percentile par nombre de réponses

% des personnes avec chaque résultat

Votre développement - résultats

Vous n’avez pas pris ce quiz